
Library Catalogue

| 000 -LEADER | |
|---|---|
| fixed length control field | 01758nam a2200229Ia 4500 |
| 003 - CONTROL NUMBER IDENTIFIER | |
| control field | OSt |
| 005 - DATE AND TIME OF LATEST TRANSACTION | |
| control field | 20210628110242.0 |
| 008 - FIXED-LENGTH DATA ELEMENTS--GENERAL INFORMATION | |
| fixed length control field | 160316s1994 xxu||||| |||| 00| 0 eng d |
| 020 ## - INTERNATIONAL STANDARD BOOK NUMBER | |
| International Standard Book Number | 9780813310176 |
| 040 ## - CATALOGING SOURCE | |
| Transcribing agency | n |
| 082 ## - DEWEY DECIMAL CLASSIFICATION NUMBER | |
| Classification number | 320.300000 |
| Item number | CHI |
| 100 ## - MAIN ENTRY--PERSONAL NAME | |
| Personal name | Chilcote Ronald H |
| 245 ## - TITLE STATEMENT | |
| Title | Theories of comparative politics : The search for a paradigm reconsidered |
| 250 ## - EDITION STATEMENT | |
| Edition statement | 2nd Ed |
| 260 ## - PUBLICATION, DISTRIBUTION, ETC. | |
| Place of publication, distribution, etc. | London |
| Name of publisher, distributor, etc. | Westview Press |
| Date of publication, distribution, etc. | 1994 |
| 300 ## - PHYSICAL DESCRIPTION | |
| Extent | 417p |
| Dimensions | xxi |
| 365 ## - TRADE PRICE | |
| Price amount | Rs. 3,382 |
| 505 ## - FORMATTED CONTENTS NOTE | |
| Formatted contents note | Contents: <br/>Part, ONE Introduction / Ronald H. Chilcote;<br/>chapter 1 Comparative Inquiry / Ronald H. Chilcote;<br/>part, TWO Ideology and Epistemology / Ronald H. Chilcote;<br/>chapter 2 Ideology and Issues of Comparative Politics / Ronald H. Chilcote;<br/>chapter 3 Politics and the Science of Politics in Comparative Inquiry / Ronald H. Chilcote;<br/>chapter 4 Marx and Weber as Precursors / Ronald H. Chilcote;<br/>part, THREE Theoretical Directions / Ronald H. Chilcote;<br/>chapter 5 Theories of System and State / Ronald H. Chilcote;<br/>chapter 6 Theories of Political Culture: Individual and Movement in the Struggle for Collectivity and the New Person / Ronald H. Chilcote;<br/>chapter 7 Theories of Development and Underdevelopment / Ronald H. Chilcote;<br/>chapter 8 Theories of Class: From Pluralist Elite to Ruling Class and Mass / Ronald H. Chilcote;<br/>part, FOUR Conclusion / Ronald H. Chilcote;<br/>chapter 9 Political Economy and a Reconstitution of Comparative Politics and Political Science / Ronald H. Chilcote;<br/>chapter Appendix 1: Notes on Comparative Terminology / Ronald H. Chilcote;<br/>chapter Appendix 2 The General Literature of Comparative Politics Since 1980 / Ronald H. Chilcote. |
| 650 ## - SUBJECT ADDED ENTRY--TOPICAL TERM | |
| Topical term or geographic name entry element | 1. Comparative Government |
| 700 ## - ADDED ENTRY--PERSONAL NAME | |
| Personal name | |
| -- | |
| 942 ## - ADDED ENTRY ELEMENTS (KOHA) | |
| Source of classification or shelving scheme | Dewey Decimal Classification |
| Koha item type | BOOKs |
| Withdrawn status | Lost status | Damaged status | Not for loan | Home library | Current library | Shelving location | Date acquired | Cost, normal purchase price | Total Checkouts | Full call number | Barcode | Date last seen | Price effective from | Koha item type |
|---|---|---|---|---|---|---|---|---|---|---|---|---|---|---|
| NLS | NLS | Library Compactors | 30/05/2017 | 3382.00 | 320.3 CHI | 30752 | 30/05/2017 | 30/05/2017 | BOOKs |